000 02063cam a22004934i 4500
003 PE-LiUPU
005 20250731173023.0
008 150623s1984 tnua rb 000 0 eng d
020 _a0805462961
035 _a(Sirsi) i9780805462968
040 _aPE-LiUPU
_bspa
_cPE-LiUPU
_erda
049 _aPRUA
082 0 4 _a261.834 23
_bR18
_221
100 1 _aRainer, Thom S.,
_eautor.
245 1 4 _aThe bridger generation :
_bAmerica's second largest generation, what they believe, how to reach them /
_cThom S. Rainer.
264 1 _aNashville, Tennessee :
_bBroadman & Holman Publishers,
_c1984.
300 _a209 páginas :
_bilustraciones, gráficos ;
_c24 centímetros
336 _atext
_2rdacontent
337 _aunmediated
_2rdamedia
338 _avolume
_2rdacarrier
504 _aIncluye bibliografía.
505 0 _aWho are the bridgers? -- The minds of the bridgers -- The world they knew -- It's a family affair -- A violent generation -- It's the economy, studip -- The media generation -- The fears of the bridgers -- The world they will know -- The faith(s) of the bridgers -- The church responds: now, not later -- The church: a real and present hope for the bridger generation.
526 _aSEG42
526 _aSEG41
526 _aSEG40
526 _aSEG39
526 _aP94
526 _aP87
526 _aP86
526 _aP85
526 _aP77
526 _aP76
526 _aP35
650 0 4 _aAdolescentes
_xVida religiosa.
650 0 4 _aEstados Unidos
_xCivilización
_y1970
650 0 4 _aNiños
_xVida religiosa.
_91480
650 0 4 _aSiglo XXI
_xPronósticos.
942 _2ddc
_cBOOK
949 _a261.834 23 R18
_wDEWEY
_c1
_i47852
_lCCODEBUL1
_mBUL
_r0
_sY
_tBOOK
_u2015-6-24
_xTEOLOGIA
_PP35
_0COMPRA
_o.STAFF. Colección Teología
994 _aC0
_bPEPRU
596 _a1
999 _a261.834 23 R18
_wDEWEY
_c24324
_i47852
_f2021-11-10
_g5
_lCCODEBUL1
_mBUL
_p25.00
_r0
_sY
_tBOOK
_u2015-6-24
_xTEOLOGIA
_PP35
_0COMPRA
_o.STAFF. Colección Teología
_d24324
980 _81
_gALBERTO SANCHEZ Responsable de Automatización